Statistics for 100 most important people ever (according to Time magazine)

Click here to take the quiz!

General Stats

  • This quiz has been taken 3,767 times
    (1,205 since last reset)
  • The average score is 67 of 100

Answer Stats

HintAnswer% Correct
German FührerAdolf HItler
99%
Founder of ChristianityJesus Christ
99%
1st US presidentGeorge Washington
98%
Founder of IslamMuhammad
97%
US Civil War PresidentAbraham Lincoln
96%
Soviet WWII leaderJoseph Stalin
95%
English playwrightWilliam Shakespeare
95%
"Discoverer" of the New WorldChristopher Columbus
94%
Roman dictatorJulius Caesar
93%
French dictatorNapoleon Bonaparte
93%
Virgin queen of EnglandElizabeth I of England
92%
"Discovered" gravityIsaac Newton
92%
Mona Lisa painterLeonardo da Vinci
92%
Evolutionary theoristCharles Darwin
91%
WWII US presidentFranklin D. Roosevelt
90%
German composerLudwig van Beethoven
90%
WWII UK prime ministerWinston Churchill
90%
Greek conquererAlexander the Great
88%
26th US PresidentTheodore Roosevelt
88%
Invented the lightbulbThomas Edison
88%
First Soviet leaderVladimir Lenin
88%
Austrian composerWolfgang Amadeus Mozart
88%
Cuban Missle Crisis presidentJohn F. Kennedy
87%
Victorian queenQueen Victoria
87%
"King of Rock and Roll"Elvis Presley
85%
Mongol EmperorGenghis Khan
85%
43rd US presidentGeorge W. Bush
85%
Socialist philosopherKarl Marx
85%
Wrote the 95 thesesMartin Luther
85%
Greek philosopherPlato
85%
Watergate presidentRichard Nixon
85%
3rd US presidentThomas Jefferson
84%
German theoretical physicistAlbert Einstein
83%
Founder of BuddhismGautama Buddha
83%
Painted the Sistine ChapelMichelangelo
82%
2nd US presidentJohn Adams
80%
Painted "Starry NIght"Vincent van Gogh
80%
Greek philosopherAristotle
79%
English king with 6 wivesHenry VIII of England
79%
Leader of Indian Independence movementMohatma Gandhi
79%
The "father of psychoanalysis"Sigmund Freud
79%
40th US presidentRonald Reagan
78%
Pope from 1978 to 2005Pope John Paul II
77%
Only world leader to use an atomic bombHarry S. Truman
74%
Founder of western philosophySocrates
74%
First Holy Roman EmperorCharlemagne
73%
German composerJohann Sebastian Bach
73%
First Roman EmperorAugustus
72%
First to observe Saturn's ringsGalileo Galilei
72%
King who supposedly pulled out excaliburKing Arthur
72%
WWI US presidentWoodrow Wilson
71%
Wrote "Great Expectations"Charles Dickens
68%
Female leader during the 100 years warJoan of Arc
68%
Civil War General and 18th US PresidentUlysses S. Grant
67%
Founded CalvinismJohn Calvin
66%
Wrote "Tom Sawyer"Mark Twain
66%
Wrote "The wealth of nations"Adam Smith
65%
Biblical King of IsraelDavid
65%
Has a version of the bible named after himJames I of England
64%
Founder of MormonismJoseph Smith Jr
64%
"Sun King" of FranceLouis XIV of France
64%
Invented AC currentNikola Tesla
64%
Lord Protector of EnglandOliver Cromwell
64%
Confederate generalRobert E. Lee
64%
Medieval Italian poet, author of "Divine Comedy"Dante Alighieri
62%
"Discovered" electricityBenjamin Franklin
61%
Wrote "The Raven"Edgar Allan Poe
61%
The leader of the 12 apostlesSaint Peter
61%
7th US presidentAndrew Jackson
60%
4th US presidentJames Madison
60%
Found that the planets orbit the sunNicolaus Copernicus
60%
Discovered HawaiiJames Cook
59%
King during the French RevolutionLouis XVI of France
59%
English king in 1066William the Conquerer
59%
Most important ApostleSaint Paul
58%
Made Christianity legal in RomeConstantine the Great
53%
King during the American RevolutionGeorge III of the United Kingdom
53%
Unified the German EmpireOtto von Bismarck
52%
Composed "The Nutcracker"Pyotr Ilyich Tchaikovsky
52%
22nd and 24th US presidentGrover Cleveland
49%
"The ride of the Valkyries" composerRichard Wagner
48%
King during English Civil WarCharles I of England
42%
"The Picture of Dorian Gray" AuthorOscar Wilde
41%
Enlightenment philosopherVoltaire
38%
The central figure in modern philosophyImmanuel Kant
36%
Founder of central US bankingAlexander Hamilton
35%
Major Rationalist philosopherRené Descartes
34%
Romes greatest oratorCicero
33%
Early philosopher who challenged ChristianityFriedrich Nietzsche
32%
Philosopher who inspired the French RevolutionJean-Jacques Rousseau
32%
"Father of Liberalism"John Locke
32%
Started the restoration of EnglandCharles II of England
26%
Wrote "The Sorrows of Young Werther"Johann Wolfgang von Goethe
24%
Medieval Catholic philosopherThomas Aquinas
24%
Founded the scientific methodFrancis Bacon
22%
Holy Roman Emperor and Emperor of SpainCharles V, Holy Roman Emporer
21%
Emperor of the Spainish Empire at its largest extentPhilip II of Spain
19%
Founder of SufismAli
16%
Patron saint of partiesAugustine of Hippo
16%
"Father of modern taxonomy"Carl Linnaeus
15%

Score Distribution

Percentile by Number Answered

Percent of People with Each Score

Your Score History

You have not taken this quiz since the last reset